Osud pacientov po rádiofrekvenčnej katétrovej ablácii poinfarktových komorových tachykardií

Podrobná bibliografia
Hlavní autori: Behulová, Renáta (Autor), Furniss, S. (Autor), Bourke, L. (Autor)
Médium: Článok
Jazyk:slovenčina
ISSN:1210-0048
Predmet:

MARC

LEADER 00000nab a2200000 a 4500
001 vtls000699262
003 SK-MaSNL
005 20260303101152.0
008 141112c1999 xo 0 slo
015 |a SNBRB1999/09-19685 
035 |a CLN000051429 
040 |a SNKBUCL  |b slo  |c SNKBUCL  |e AACR2 
041 0 |a slo 
044 |a xo  |c SK 
080 |a 616.12-008.311  |2 1997 
080 |a 616.127-005.8  |2 1997 
100 1 |a Behulová, Renáta  |4 aut  |9 1112601 
245 1 0 |a Osud pacientov po rádiofrekvenčnej katétrovej ablácii poinfarktových komorových tachykardií  |c R. Behulová, S. Furniss, L. Bourke 
611 1 7 |a Slovenské arytmologické a kardiostimulačné dni  |n (3. :  |d 1999 :  |c Stará Lesná, Slovensko)  |2 snkbucl  |9 1112602 
650 0 7 |a komorová tachykardia  |2 SNKPH  |9 151866 
650 0 7 |a myokard  |2 SNKPH  |9 14737 
650 0 7 |a infarkt myokardu  |2 SNKPH  |9 2496 
650 0 7 |a ablácia katétrom rádiofrekvenčná  |2 SNK  |9 845244 
655 7 |a články z novín a časopisov  |2 SNK  |9 267496 
700 1 |a Furniss, S.  |4 aut  |9 1112603 
700 1 |a Bourke, L.  |4 aut  |9 1112604 
773 0 |t Kardiológia  |g Roč. 8, č. 4 (1999)  |x 1210-0048 
773 0 |t [Príl.] Informácie SKS, SHS a PSNK  |g S. K/C 35  |x 1210-0048 
850 |a Slovenská národná knižnica v Martine 
852 |a SNK  |b KIS3GCP 
999 |c 1837293  |d 1839223